Elektřina ze slunce : Fotovoltaika v teorii a praxi /
Salvato in:
| Autore principale: | |
|---|---|
| Natura: | Libro |
| Lingua: | ceco |
| Pubblicazione: |
Ostrava :
HEL,
1993
|
| Edizione: | 1.vyd. |
| Soggetti: | |
| Tags: |
Nessun Tag, puoi essere il primo ad aggiungerne!!
|
MARC
| LEADER | 00000nam a22000003a 4500 | ||
|---|---|---|---|
| 001 | stu4665 | ||
| 005 | 20150617225703.9 | ||
| 008 | 931101s1993----xr------------------cze-d | ||
| 040 | |a STU |b slo | ||
| 041 | 0 | |a cze | |
| 044 | |a xr | ||
| 080 | |a 620.91 | ||
| 080 | |a 621.383 | ||
| 080 | |a 523.9-7 |7 stu_us_auth*stu7861 | ||
| 080 | |a 621.31 | ||
| 100 | 1 | |a Krieg, Bernhard |4 aut | |
| 245 | 1 | |a Elektřina ze slunce : |b Fotovoltaika v teorii a praxi / |c [aut.] Krieg,Bernhard | |
| 250 | |a 1.vyd. | ||
| 260 | |a Ostrava : |b HEL, |c 1993 | ||
| 300 | |a 223 s | ||
| 650 | 7 | |a slnečná energia |2 stusub | |
| 650 | 7 | |a solárne články |2 stusub | |
| 650 | 7 | |a solárna technika |2 stusub | |
| 996 | |b E78361 |c E*78361 |l EE05 |s P |a 0 |w stu4665_0001 | ||
| 996 | |b E80981 |c E*80981 |l EE06 |s P |a 0 |w stu4665_0002 | ||